| 000 | 00420nam a22001697a 4500 | ||
|---|---|---|---|
| 003 | NUST | ||
| 020 | _a8181477413 | ||
| 038 | _aKhadija | ||
| 082 |
_a620.0028 _bJON |
||
| 100 |
_aR Radnai _987422 |
||
| 245 |
_aJones' Instrument Technology vol 5 : _cAutomatic Instruments and Measuring Systems / |
||
| 250 | _a4th | ||
| 260 |
_aNew Delhi, India _bElsevier _c2005 |
||
| 300 | _ap170 | ||
| 563 | _aPB | ||
| 942 |
_2ddc _cBK |
||
| 999 |
_c587512 _d587512 |
||